<?xml version="1.0" encoding="UTF-8"?>
<record
    xmlns:xsi="http://www.w3.org/2001/XMLSchema-instance"
    xsi:schemaLocation="http://www.loc.gov/MARC21/slim http://www.loc.gov/standards/marcxml/schema/MARC21slim.xsd"
    xmlns="http://www.loc.gov/MARC21/slim">

  <leader>00313    a2200109   4500</leader>
  <controlfield tag="001">ART_52674</controlfield>
  <controlfield tag="005">20260410161822.0</controlfield>
  <controlfield tag="008">260409a                                 </controlfield>
  <datafield tag="245" ind1="1" ind2="0">
    <subfield code="a">Acuerdo conclusivo</subfield>
  </datafield>
  <datafield tag="100" ind1="1" ind2=" ">
    <subfield code="a">Vega, Gerardo E.</subfield>
  </datafield>
  <datafield tag="773" ind1="0" ind2=" ">
    <subfield code="t">Doctrina Penal Tributaria y Econ&#xF3;mica</subfield>
    <subfield code="g">- N&#xB0; 60 (jun. 2021)</subfield>
    <subfield code="w">REV4317</subfield>
  </datafield>
  <datafield tag="999" ind1=" " ind2=" ">
    <subfield code="c">22483</subfield>
    <subfield code="d">22483</subfield>
  </datafield>
</record>
